000 00524nam a22001937a 4500
003 OSt
005 20140310183038.0
008 130222t xxu||||| |||| 00| 0 eng d
020 _a9789719192442
050 _aRA 541.P6
_b.N974 2009
245 _aNursing Practice in the Community /
_cAraceli S. Maglaya- editor
260 _aParanaque, Rizal :
_bDaughters of Cahrity,
_c2009.
300 _a479 p. :
_b ill. ;
_c22 cm.
521 _aNUR
562 _e2
942 _2lcc
_cBK
_kLOC
999 _c18510
_d18510